ABBA Kisses of Fire-Lyrics Quiz - Statistics

General Stats
  • This quiz has been taken 55 times
  • The average score is 201 of 277
Answer Stats
Answer % Correct
burning,
100%
burning
100%
fire,
100%
fire
100%
kiss
100%
Kisses
100%
of
100%
no
97%
a
95%
I
95%
point
95%
the
95%
I'm
92%
at
90%
returning
90%
sweet
87%
my
85%
in
77%
love
77%
to
77%
you
77%
and
72%
every
67%
nothing
67%
this
67%
is
64%
your
64%
emotions
62%
on
62%
hear
59%
me
59%
there
59%
can
56%
landslide
56%
so
56%
chest
54%
compared
54%
I've
54%
share
54%
that
54%
beat
51%
but
51%
do,
51%
had
51%
heart
51%
know
51%
Lay
51%
sky
51%
with
51%
affairs
49%
all
49%
'bout
49%
Caught
49%
crazy
49%
for
49%
head
49%
higher
49%
it's
49%
see
49%
they
49%
close
46%
eyes
46%
lips,
46%
there's
46%
Touch
46%
were
46%
keep
44%
Oh,
44%
than
44%
Things
44%
us
44%
feel
41%
more
41%
strong
41%
When
41%
apart
38%
fingertips
38%
Losing
38%
begging
36%
by
36%
Now
36%
devotions
33%
nightmare,
33%
side
33%
before
28%
did
28%
Never
28%
riding
28%
sleep
26%
belong
21%
making
21%
safe
21%
babe,
18%
new
18%
scared
18%
Still
13%
No matching quizzes found
Score Distribution
Percent of People with Each Score
Percentile by Number Answered
Your Score History
You have not taken this quiz